000
00300nam a2200109 4500
999
_c
10057
_d
10057
008
180730b ||||| |||| 00| 0 eng d
245
_a
Protect your homes from Zika and dengue.
260
_a
Philippines
_b
Manila Bulletin
_c
c2016
300
_a
page C-3.
650
0
_9
29712
_a
Viruses.
942
_2
ddc
_c
PER